000 00975cam a2200265 i 4500
001 1744856
003 BD-DhUL
005 20161206114335.0
008 750903r1975 ctu b 001 0 eng
010 _a 75029339
020 _a0837184347
040 _aDLC
_cDLC
_dDLC
_dBD-DhUL
050 1 0 _aP308
_b.L6 1975
082 0 0 _a418
_bLOM
100 1 _aLocke, William N.
_q(William Nash),
_d1909-
_eed.
245 1 0 _aMachine translation of languages :
_bfourteen essays /
_cedited by William N. Locke and A. Donald Booth.
260 _aWestport, Conn. :
_bGreenwood Press,
_c1975, c1955.
300 _axii, 243 p. ;
_c23 cm.
500 _aReprint of the ed. published jointly by Technology Press of the Massachusetts Institute of Technology, Cambridge and Wiley, New York.
500 _aIncludes index.
504 _aBibliography: p. 227-236.
650 0 _aMachine translating.
700 1 _aBooth, Andrew D.
_q(Andrew Donald),
_d1918-2009,
_ejoint ed.
942 _2ddc
_cBK
999 _c131651
_d131651